MARC

LEADER 00000nam0a2200000 4500
001 42704
005 20231031015627.0
010 |a 594879010X 
035 |a (RuTPU)RU\TPU\book\44076 
090 |a 42704 
100 |a 20020916d2002 m y0rusy50 ca 
101 0 |a rus 
102 |a RU 
105 |a a j 001zy 
200 1 |a Стандартизация, метрология и сертификация  |e учебник  |f И. М. Лифиц 
210 |a Москва  |c Юрайт  |d 2002 
215 |a 296 с.  |c ил. 
225 1 |a Учебник 
320 |a Библиогр.: с. 290-295. 
451 1 |0 (RuTPU)RU\TPU\book\71803  |y 5-94879-188-2  |t Стандартизация, метрология и сертификация  |o учебник  |f И. М. Лифиц  |e 4-е изд., перераб. и доп.  |c М.  |n Юрайт-Издат  |d 2004  |p 335 с.  |s Учебник  |a Лифиц, Иосиф Моисеевич 
610 1 |a экономика 
610 1 |a организация производства 
610 1 |a продукция 
610 1 |a услуги 
610 1 |a стандартизация 
610 1 |a государственная система стандартизации 
610 1 |a Российская Федерация 
610 1 |a метрология 
610 1 |a технические измерения 
610 1 |a метрологический контроль 
610 1 |a сертификация 
610 1 |a учебники 
675 |a 658.516(075.8)  |v 3 
675 |a 621:53.08(075.8)  |v 3 
675 |a 658.562.012.7(075.8)  |v 3 
700 1 |a Лифиц  |b И. М.  |g Иосиф Моисеевич 
801 1 |a RU  |b 63413507  |c 20020916  |g PSBO 
801 2 |a RU  |b 63413507  |c 20121001  |g PSBO 
900 |a Стандартизация и управление качеством продукции 
942 |c BK 
952 |a 522000 
959 |a 89/20040609  |d 4  |e 85  |f АНЛ:2  |f ЧЗТЛ:2